Movies Quiz

Random Movies or Actress Quiz

Movie Couples (1960s) Quiz Stats

 Plays Quiz Updated Mar 28, 2012

Challenge
Share
Tweet
Embed
Score 0/48 Timer 10:00
4 Plays Today
% Correct
Julie Andrews
94.9%
Elizabeth Taylor
80.7%
Audrey Hepburn
80%
Sean Connery
73.3%
Elvis Presley
69%
Katharine Hepburn
68.3%
Warren Beatty
67%
Richard Burton
64.9%
Mia Farrow
62.3%
Faye Dunaway
62.3%
Natalie Wood
61.6%
Steve McQueen
61.6%
Michael Caine
61.2%
Christopher Plummer
60.8%
Barbra Streisand
58.6%
Rex Harrison
54.9%
Jack Lemmon
54.5%
Omar Sharif
54%
Marilyn Monroe
48.1%
Frank Sinatra
43.3%
Julie Christie
43%
Charlton Heston
41.3%
Clark Gable
39.3%
Henry Fonda
38.6%
% Correct
Lucille Ball
38%
Shirley Jones
37.8%
Ann-Margret
37.7%
Paul Newman
36.4%
Peter Sellers
35.9%
Shirley MacLaine
35.6%
Ursula Andress
33.9%
Dean Jones
33.3%
Burt Lancaster
33%
Peter O'Toole
30.4%
Walter Matthau
30.1%
Doris Day
29.5%
Robert Preston
29.4%
Rock Hudson
27.2%
Sophia Loren
19.6%
John Cassavetes
14.8%
Janet Leigh
13.7%
Elke Sommer
12.7%
Eva Marie Saint
11.7%
Shelley Winters
11.2%
Richard Beymer
11.1%
Suzanne Pleshette
9.6%
Jean Simmons
8.9%
Jacqueline Bisset
7.3%

You're not logged in!

Compare scores with friends on all Sporcle quizzes.
Join for Free
OR
Log In

You Might Also Like...

Show Comments

Extras

Top Quizzes Today


Score Distribution

Your Account Isn't Verified!

In order to create a playlist on Sporcle, you need to verify the email address you used during registration. Go to your Sporcle Settings to finish the process.

Report this User

Report this user for behavior that violates our Community Guidelines.

Details: